000 00401nam a2200157Ia 4500
008 230917s9999||||xx |||||||||||||| ||und||
040 _e181618
_aMAIN
041 _aEnglish
082 _a005.133 H78C(8)
100 _aHorstmann, Cay S
245 0 _aCore Java v. 2: Advanced features
250 _a8th ed.
260 _aNew Delhi
_bPearson Education
_c2011
300 _axix, 1032 p.
942 _cBK
999 _c157348
_d157348